Social science in Pakistan in the 1990s / (Record no. 331613)
[ view plain ]
| 000 -LEADER | |
|---|---|
| fixed length control field | 01908cam a22003137a 4500 |
| 001 - CONTROL NUMBER | |
| control field | 14483588 |
| 003 - CONTROL NUMBER IDENTIFIER | |
| control field | NUST |
| 005 - DATE AND TIME OF LATEST TRANSACTION | |
| control field | 20171006101904.0 |
| 008 - FIXED-LENGTH DATA ELEMENTS--GENERAL INFORMATION | |
| fixed length control field | 060807s2003 pk 000 0 eng d |
| 010 ## - LIBRARY OF CONGRESS CONTROL NUMBER | |
| LC control number | 2006330735 |
| 020 ## - INTERNATIONAL STANDARD BOOK NUMBER | |
| International Standard Book Number | 9698755012 |
| 035 ## - SYSTEM CONTROL NUMBER | |
| System control number | (CStRLIN)NYPGR54789910-B |
| 035 ## - SYSTEM CONTROL NUMBER | |
| System control number | (OCoLC)54789910 |
| 035 ## - SYSTEM CONTROL NUMBER | |
| System control number | (WaOLN)M160000187 |
| 040 ## - CATALOGING SOURCE | |
| Original cataloging agency | JHS |
| Transcribing agency | JHS |
| Modifying agency | OCLCQ |
| -- | NYP |
| -- | UtOrBLW |
| -- | DLC |
| 042 ## - AUTHENTICATION CODE | |
| Authentication code | lccopycat |
| 043 ## - GEOGRAPHIC AREA CODE | |
| Geographic area code | a-pk--- |
| 050 00 - LIBRARY OF CONGRESS CALL NUMBER | |
| Classification number | MLCM 2008/43889 (H) |
| 082 ## - DEWEY DECIMAL CLASSIFICATION NUMBER | |
| Classification number | 300.95491 |
| Author Mark | SOC |
| 245 00 - TITLE STATEMENT | |
| Title | Social science in Pakistan in the 1990s / |
| Statement of responsibility, etc. | edited by S. Akbar Zaidi. |
| 250 ## - EDITION STATEMENT | |
| Edition statement | 1st ed. |
| 260 ## - PUBLICATION, DISTRIBUTION, ETC. | |
| Place of publication, distribution, etc. | Islamabad : |
| Name of publisher, distributor, etc. | Council of Social Sciences, |
| Date of publication, distribution, etc. | 2003. |
| 300 ## - PHYSICAL DESCRIPTION | |
| Extent | 319 p. ; |
| Dimensions | 23 cm. |
| 500 ## - GENERAL NOTE | |
| General note | "Printed with the financial assistance of the UNESCO office in Islamabad"--T.p. verso. |
| 505 0# - FORMATTED CONTENTS NOTE | |
| Formatted contents note | Introduction / S. Akbar Zaidi -- The social sciences in Pakistan : an evaluation / Inayatullah -- Economists and Pakistan's economic development : is there a connection? / S.M. Naseem -- Conditions of teaching and research in economics : some preliminary findings / S.M. Naseem, S.K. Qureshi and Rehana Siddiqui -- The economics profession in Pakistan : a historical analysis / Nadeem Ul Haque and Mahmood Hasan Khan -- Contemporary sociology in Pakistan / Hassan N. Gardezi -- Mass communications research as a social science discipline : problems and opportunites / Fazal Rahim Khan, Hashmat Ali Zafar and Abdus Sattar Abbasi -- The university historian / K.K. Aziz -- History, social studies and civics and the creation of enemies / Rubina Saigol -- The dismal state of the social sciences in Pakistan / S. Akbar Zaidi. |
| 650 #0 - SUBJECT ADDED ENTRY--TOPICAL TERM | |
| Topical term or geographic name entry element | Social sciences |
| Geographic subdivision | Pakistan. |
| 9 (RLIN) | 5290 |
| 700 1# - ADDED ENTRY--PERSONAL NAME | |
| Personal name | Zaidi, S. Akbar. |
| 9 (RLIN) | 5291 |
| 710 2# - ADDED ENTRY--CORPORATE NAME | |
| Corporate name or jurisdiction name as entry element | Council of Social Sciences (Islamabad, Pakistan) |
| 9 (RLIN) | 5255 |
| 906 ## - LOCAL DATA ELEMENT F, LDF (RLIN) | |
| a | 7 |
| b | cbc |
| c | copycat |
| d | 4 |
| e | ncip |
| f | 20 |
| g | y-gencatlg |
| 942 ## - ADDED ENTRY ELEMENTS (KOHA) | |
| Source of classification or shelving scheme | |
| Koha item type | Book |
| Withdrawn status | Lost status | Source of classification or shelving scheme | Damaged status | Not for loan | Permanent Location | Current Location | Shelving location | Date acquired | Full call number | Barcode | Date last seen | Copy number | Price effective from | Koha item type |
|---|---|---|---|---|---|---|---|---|---|---|---|---|---|---|
| Central Library (CL) | Central Library (CL) | Book Cart | 10/06/2017 | 300.95491 SOC | CL580 | 05/31/2022 | 1 | 10/06/2017 | Book |
